000
00375cam a2200169ua 4500
020
_c
0.50
041
_a
eng
_h
082
_a
320.58
_b
KUM/PR
100
_a
J.C. Kumarappa, Kumarappa .
245
_a
Practice and precepts of Jesus
260
_a
:
_b
Navajiv ,
_c
1945.
300
_a
117 ; .
365
_a
0.50
504
_a
942
_c
BK
999
_c
11150
_d
11150